A polgármesterek feladat-és hatáskörei a veszélyhelyzet idején "A közbizalomra méltó” döntéshozatal, avagy az első hullám adta kérdések a második hullám okán /

Elmentve itt :
Bibliográfiai részletek
Szerző: Holecska Zsófia
Dokumentumtípus: Könyv része
Megjelent: Iurisperitus Kiadó Szeged 2021
Sorozat:Lectiones Iuridicae
Rendkívüli helyzetek és jog
Tárgyszavak:
mtmt:32033867
Online Access:http://publicatio.bibl.u-szeged.hu/36310
LEADER 00849naa a2200217 i 4500
001 publ36310
005 20250319083510.0
008 250319s2021 hu o 000 hun d
020 |a 9786156268129 
024 7 |a 32033867  |2 mtmt 
040 |a SZTE Publicatio Repozitórium  |b hun 
041 |a hun 
100 1 |a Holecska Zsófia 
245 1 2 |a A polgármesterek feladat-és hatáskörei a veszélyhelyzet idején   |h [elektronikus dokumentum] :  |b "A közbizalomra méltó” döntéshozatal, avagy az első hullám adta kérdések a második hullám okán /  |c  Holecska Zsófia 
260 |a Iurisperitus Kiadó  |b Szeged  |c 2021 
300 |a 13 
300 |a 25-37 
490 0 |a Lectiones Iuridicae 
490 0 |a Rendkívüli helyzetek és jog 
650 4 |a Jogtudomány 
856 4 0 |u http://publicatio.bibl.u-szeged.hu/36310/1/Rendkivuli_Holecska.pdf  |z Dokumentum-elérés